000 00719nam a22002537a 4500
003 OSt
005 20210203102852.0
007 ta
008 210203q1999 dr ac||jd||||o00| 0 spa d
040 _aDO-SdBNP
_bspa
_cBNPHU
041 _hspa
082 _aBNPHU-xxx
_bF981p
245 1 0 _aFundación premio nacional de la juventud.
260 _aSanto Domingo :
_bPromoción a la juventud ,
_c[¿1999?]
300 _a[44 pg.]
_bil., fotos ;
_c20 cm
505 0 _aEl premio y su fundación.
505 0 _aPresentación.
505 0 _aPorqué una fundación.
505 0 _aBien organizado desde sus inicios.
505 0 _aPrimer premio.
505 0 _aSegundo premio.
505 0 _aTercer premio.
942 _2ddc
_cLF2
999 _c49354
_d49354